[Event "Llinars del Valles op 11th"]
[Site "Llinars del Valles"]
[Date "2017.06.10"]
[Round "8"]
[White "Cadierno Garcia, Pau"]
[Black "Costa Trave, Jaume"]
[Result "0-1"]
[WhiteElo "1695"]
[BlackElo "1985"]
[PlyCount "140"]
[EventDate "2017.04.22"]
[EventType "swiss"]
[EventRounds "9"]
[EventCountry "ESP"]
[SourceTitle "EXT 2018"]
[Source "ChessBase"]
[SourceDate "2017.10.13"]
[SourceVersion "1"]
[SourceVersionDate "2017.10.13"]
[SourceQuality "1"]

1. d4 d5 2. c4 e5 3. dxe5 d4 4. Nf3 Nc6 5. g3 Bf5 6. a3 Nge7 7. Bg2 Ng6 8. 0-0 Be7 9. Nbd2 d3 10. exd3 Bxd3 11. Re1 0-0 12. b3 f6 13. Bb2 fxe5 14. Ne4 Bxe4 15. Rxe4 Bf6 16. h4 Re8 17. Qxd8 Raxd8 18. h5 Nf8 19. Rae1 Rd3 20. b4 Nd7 21. Nh2 Rd8 22. R4e3 Rxe3 23. Rxe3 Nb6 24. Bf1 Rd1 25. Kg2 Na4 26. Re2 Nxb2 27. Rxb2 Nd4 28. Ra2 b6 29. Ng4 Kf7 30. Ne3 Rc1 31. Bd3 g6 32. hxg6+ hxg6 33. Ng4 Bg7 34. Nh2 Rc3 35. Bf1 Nc2 36. b5 Nxa3 37. Ng4 Nxc4 38. Bxc4+ Rxc4 39. Rxa7 Rc5 40. Kf3 Ke6 41. Ne3 Bf8 42. Ra8 Bd6 43. Re8+ Kf7 44. Rh8 Rxb5 45. Rh7+ Kf6 46. Rd7 Rc5 47. Ke4 b5 48. Rd8 b4 49. Rb8 Rc1 50. Rb5 Ke6 51. Kd3 Rc3+ 52. Kd2 Ra3 53. Nc4 Ra4 54. Ra5 Rxa5 55. Nxa5 Kd5 56. Kd3 e4+ 57. Ke2 c5 58. Nb3 c4 59. Nc1 b3 60. Kd2 b2 61. Ne2 Bb4+ 62. Kc2 g5 63. g4 c3 64. Ng1 Kc4 65. f3 Bc5 66. Ne2 exf3 67. Nxc3 f2 68. Nb1 Be3 69. Na3+ Kb4 70. Kxb2 Bc1+ 0-1